[Event "FICGS rapid A 000283 email"]
[Site "FICGS email"]
[Date "2022.06.21"]
[Round "1"]
[White "Quintero, Raul"]
[Black "Pech, Jaroslav Sr"]
[Result "1-0"]
[WhiteElo "1981"]
[BlackElo "1903"]
[PlyCount "51"]
[EventDate "2022.??.??"]
[EventType "tourn (rapid)"]
[EventRounds "6"]
[SourceTitle "Corr 2024"]
[Source "ChessBase"]
[SourceDate "2023.10.19"]
[SourceVersion "1"]
[SourceVersionDate "2023.10.19"]
[SourceQuality "1"]

1. Nf3 Nf6 2. b3 d5 3. e3 c5 4. Bb2 e6 5. d4 Nc6 6. Bd3 cxd4 7. exd4 Be7 8. a3 0-0 9. 0-0 b6 10. Re1 Bb7 11. Nbd2 Rc8 12. c3 Qc7 13. b4 Bd6 14. Qe2 Ne7 15. g3 a5 16. Rac1 Nf5 17. Ne5 Be7 18. a4 g6 19. b5 Qd8 20. f3 Nd7 21. f4 Nd6 22. Ndf3 Nxe5 23. fxe5 Nc4 24. Rcd1 Nxb2 25. Qxb2 Rc7 26. Qd2 1-0

[Event "FICGS rapid B 000379 email"]
[Site "FICGS email"]
[Date "2022.05.08"]
[Round "1"]
[White "Cesbron, Guy"]
[Black "Pech, Jaroslav Sr"]
[Result "1/2-1/2"]
[WhiteElo "2036"]
[BlackElo "1903"]
[PlyCount "77"]
[EventDate "2022.??.??"]
[EventType "tourn (rapid)"]
[EventRounds "6"]
[SourceTitle "Corr 2024"]
[Source "ChessBase"]
[SourceDate "2023.10.19"]
[SourceVersion "1"]
[SourceVersionDate "2023.10.19"]
[SourceQuality "1"]

1. d4 d5 2. c4 c6 3. Nf3 Nf6 4. Nc3 e6 5. Bg5 h6 6. Bh4 dxc4 7. e4 g5 8. Bg3 b5 9. Be2 Bb7 10. h4 g4 11. Ne5 h5 12. 0-0 Nbd7 13. Qc2 Nxe5 14. Bxe5 Bg7 15. b3 cxb3 16. axb3 0-0 17. Bg3 c5 18. e5 Nd5 19. Nxb5 cxd4 20. Nd6 Rb8 21. Rxa7 Nb4 22. Qd2 Bd5 23. Bb5 Rxb5 24. Nxb5 Nc6 25. Ra6 Bxg2 26. Rc1 Qd5 27. Raxc6 Bh3 28. f4 Qxb3 29. Nc3 dxc3 30. R6xc3 Qb5 31. Rc8 Qb7 32. Qc2 Qd5 33. Rc5 Qd4+ 34. Kh2 Rd8 35. Rc8 Rxc8 36. Qxc8+ Bf8 37. Qc2 Kg7 38. Rd1 Qe3 39. Qf2 1/2-1/2